000
00335nam a2200157Ia 4500
100
_a
Snader/Jon C
650
_a
Computers
942
_c
BK
366
_f
15
654
_a
VPN
245
_a
VPN s illustrated:Tunnels
260
_b
Pearson Education
_a
Mumbai
_c
2006
082
_a
004.67/SNA
_b
SNA
300
_a
461
546
_a
ENGLISH
999
_c
31211
_d
31211